000 00797nam a2200289 a 4500
001 12504
003 BD-RJUL
005 20211208235315.0
008 161004s1975 enkaf b 001 0 eng
020 _a0412141302
035 _aBD-RJUL 12553
040 _aDLC
_cDLC
_dm.c
_beng
041 _aeng
060 0 _aQH430 F699e
082 _a576.58
_bFOE 1975
100 1 _aFord, E. B.
_q(Edmund Brisco),
_d1901-1988
_9159221
245 1 0 _aEcological genetics /
_cE. B. Ford
250 _a4th ed
260 _aLondon :
_bChapman and Hall,
_c1975
300 _axx, 442 p. :
_bill. ;
_c24 cm
500 _a"A Halsted Press book."
500 _aIncludes index
504 _aBibliography: p. 394-428
650 0 _aEcological genetics
_9159222
942 _2ddc
_cBK
999 _c12504
_d12504